ბათუმის შოთა რუსთაველის სახელმწიფო უნივერსიტეტის ბიბლიოთეკა

Further Linear Algebra / (ბიბ.ჩანაწერი № 41073)

000 -LEADER
fixed length control field 00896nam a2200277Ia 4500
001 - CONTROL NUMBER
control field 7722
003 - CONTROL NUMBER IDENTIFIER
control field GE_BSU
005 - DATE AND TIME OF LATEST TRANSACTION
control field 20220922113614.0
008 - FIXED-LENGTH DATA ELEMENTS--GENERAL INFORMATION
fixed length control field 181216s2002en xx |||||||||||||| ||eng||
020 ## - INTERNATIONAL STANDARD BOOK NUMBER
International Standard Book Number 182334258.
040 ## - CATALOGING SOURCE
Transcribing agency GE_BSU
041 ## - LANGUAGE CODE
Language code of text/sound track or separate title eng
080 ## - UNIVERSAL DECIMAL CLASSIFICATION NUMBER
Universal Decimal Classification number 512.64 B-68
100 ## - MAIN ENTRY--PERSONAL NAME
Personal name Blyth,T.S.
9 (RLIN) 14694
245 ## - TITLE STATEMENT
Title Further Linear Algebra /
Statement of responsibility, etc. T.S. Blyth, and Robertson E.F. Advisory Board:P.J.Cameron,M.A.J.Chaplain, K.Edman,and other.
264 ## - PRODUCTION, PUBLICATION, DISTRIBUTION, MANUFACTURE, AND COPYRIGHT NOTICE
Place of production, publication, distribution, manufacture London :
Name of producer, publisher, distributor, manufacturer Springer,
Date of production, publication, distribution, manufacture, or copyright notice 2002.
300 ## - PHYSICAL DESCRIPTION
Extent 233 p;
Dimensions 23 cm.
440 ## - SERIES STATEMENT/ADDED ENTRY--TITLE
Title Springer Undergraduate Mathematics Series: ISSN 1615-2085.
9 (RLIN) 14670
653 ## - INDEX TERM--UNCONTROLLED
keyword Further Linear Algebra.
653 ## - INDEX TERM--UNCONTROLLED
keyword ალგებრა
700 ## - ADDED ENTRY--PERSONAL NAME
Personal name Robertson, E.F.
9 (RLIN) 14695
700 ## - ADDED ENTRY--PERSONAL NAME
Personal name Cameron, P.J
Relator term Advisory Board
9 (RLIN) 14676
700 ## - ADDED ENTRY--PERSONAL NAME
Personal name Chaplain, M.A.J.
Relator term Advisory Board
9 (RLIN) 14672
700 ## - ADDED ENTRY--PERSONAL NAME
Personal name Edman, K
Relator term Advisory Board
9 (RLIN) 14691
942 ## - ADDED ENTRY ELEMENTS (KOHA)
Koha item type წიგნი
Source of classification or shelving scheme
ეგზემპლარები
Withdrawn status Lost status Source of classification or shelving scheme Damaged status Not for loan Permanent Location Current Location Shelving location Date acquired Cost, normal purchase price Full call number Barcode Date last seen Copy number Price effective from Koha item type Public note
          ბათუმის შოთა რუსთაველის სახელმწიფო უნივერსიტეტის მთავარი ბიბლიოთეკა ბათუმის შოთა რუსთაველის სახელმწიფო უნივერსიტეტის მთავარი ბიბლიოთეკა წიგნსაცავი 2018-12-17 58.00 512.64 B-68 24078 2018-12-17 24078 2018-12-17 წიგნი 58gel.
          ბათუმის შოთა რუსთაველის სახელმწიფო უნივერსიტეტის მთავარი ბიბლიოთეკა ბათუმის შოთა რუსთაველის სახელმწიფო უნივერსიტეტის მთავარი ბიბლიოთეკა წიგნსაცავი 2018-12-17 58.00 512.64 B-68 24079 2018-12-17 24079 2018-12-17 წიგნი 58gel.
          ბათუმის შოთა რუსთაველის სახელმწიფო უნივერსიტეტის მთავარი ბიბლიოთეკა ბათუმის შოთა რუსთაველის სახელმწიფო უნივერსიტეტის მთავარი ბიბლიოთეკა წიგნსაცავი 2018-12-17 58.00 512.64 B-68 24080 2018-12-17 24080 2018-12-17 წიგნი 58gel.
          ბათუმის შოთა რუსთაველის სახელმწიფო უნივერსიტეტის მთავარი ბიბლიოთეკა ბათუმის შოთა რუსთაველის სახელმწიფო უნივერსიტეტის მთავარი ბიბლიოთეკა წიგნსაცავი 2018-12-17 58.00 512.64 B-68 24081 2018-12-17 24081 2018-12-17 წიგნი 58gel.
          ბათუმის შოთა რუსთაველის სახელმწიფო უნივერსიტეტის მთავარი ბიბლიოთეკა ბათუმის შოთა რუსთაველის სახელმწიფო უნივერსიტეტის მთავარი ბიბლიოთეკა წიგნსაცავი 2018-12-17 58.00 512.64 B-68 24082 2018-12-17 24082 2018-12-17 წიგნი 58gel.